000 00482nam a2200181Ia 4500
005 20250508152652.0
008 008 250505s9999 xx 000 0 hin d
037 _aTextual
040 _aFEDL
_beng
_cFEDL
041 _ahin
_2hin
084 _a491.43, VAR
_qFEDL
100 _aVarma Dhirendra
245 0 _aHindi bhasha aur lipi
260 _aAllahabad, India
_bHindustani Academy
300 _a80p
942 _cTEXL
_h491.43, VAR
999 _c1337924
_d1337924